[Event "Challenge"]
[Site "http://www.queenalice.com/game.php?id=1047693"]
[Date "2012.4.10"]
[Round "-"]
[White "lemoufflet"]
[Black "Patrycia"]
[Result "1-0"]
[WhiteElo "1210"]
[BlackElo "1053"]

1. e4 d6 2. d4 b6 3. d5 Bb7 4. Nc3 Na6 5. Nf3 Nh6 6. Nb5 c6 7. Nbd4 e6 8. dxe6
fxe6 9. Bc4 e5 10. Ne6 Qe7 11. Nh4 Nb8 12. Bg5 Qxg5 13. Nxg5 Be7 14. Qh5+ Kd7
15. O-O Bxg5 16. Qxg5 b5 17. Qxg7+ Kd8 18. Qxh8+ Kd7 19. Qxh7+ Kd8 20. Be6 b4
21. Qxh6 a6 22. Ng6 Ke8 23. Qh8# 1-0

[Event "Challenge"]
[Site "http://www.queenalice.com/game.php?id=1054062"]
[Date "2012.4.29"]
[Round "-"]
[White "marcomasa"]
[Black "Patrycia"]
[Result "1-0"]
[WhiteElo "1190"]
[BlackElo "1005"]

1. e4 f6 2. Qf3 e6 3. Bc4 a6 4. a3 h5 5. Nc3 d6 6. d3 Rh6 7. Bxh6 gxh6 8. Qxh5+
Ke7 9. Qg6 d5 10. exd5 exd5 11. Bxd5 h5 12. Qf7+ Kd6 13. Ne4+ Ke5 14. Nf3+ Kf4
15. Qxg8 Ra7 16. Qg3+ Kf5 17. Qh3+ Kg6 18. Nh4+ Kh6 19. Qe3+ Kh7 20. Qd4 b5 21.
Nxf6+ Kh6 22. Qe3+ Kg7 23. Qg5+ Kh8 24. Qg8# 1-0

[Event "Challenge"]
[Site "http://www.queenalice.com/game.php?id=1054903"]
[Date "2012.5.1"]
[Round "-"]
[White "Narciso"]
[Black "Patrycia"]
[Result "0-1"]
[WhiteElo "1277"]
[BlackElo "989"]

1. e4 Na6 2. d4 h6 3. c3 c6 4. f3 f6 5. Bd3 h5 6. Ne2 g6 7. Qb3 e6 8. Nd2 Rh7 9.
h3 Qc7 10. Qa4 Be7 11. Nc4 f5 12. e5 Rh8 13. Bf4 Kd8 14. Qa5 Qxa5 15. Nxa5 b6
16. Nc4 b5 17. Na5 Bf6 18. exf6 Nxf6 19. Be5 Rf8 20. Bxf6+ Rxf6 21. Nf4 Rf8 22.
O-O-O Rh8 23. Nxg6 Rh6 24. Ne5 d6 25. Nf7+ Ke7 26. Nxh6 Ke8 27. Rde1 d5 28. Ng8
Rb8 29. Nf6+ Kf7 30. Nxh5 Bd7 31. g4 Kf8 32. Nf6 Ke7 33. Nh7 fxg4 0-1

[Event "Challenge"]
[Site "http://www.queenalice.com/game.php?id=1055599"]
[Date "2012.5.3"]
[Round "-"]
[White "Patrycia"]
[Black "Jedi_knight"]
[Result "1/2-1/2"]
[WhiteElo "1022"]
[BlackElo "1765"]

1. d4 d5 2. e3 Nc6 3. f3 e6 4. h3 Nf6 5. g4 Bb4+ 6. Ke2 a6 7. c3 Ba5 8. Qd2 h6
9. a3 e5 10. dxe5 Nxe5 11. f4 Nc4 12. Qd1 g5 13. Qd3 gxf4 14. e4 Nxe4 15. Qd1 f6
16. Bxf4 h5 17. gxh5 Rxh5 18. b3 Nb2 19. Qc2 Nc4 20. bxc4 dxc4 21. Qxe4+ Qe7 22.
Qxe7+ Kxe7 23. Kd1 b5 24. Ra2 Bf5 25. Re2+ Kf7 26. Bg2 Rd8+ 27. Ke1 Bd3 28. Bf3
Bxe2 29. Bxh5+ Bxh5 30. a4 bxa4 31. Kf1 f5 32. Bxc7 Rd5 33. Bg3 a3 34. Nxa3 Bxc3
35. Nxc4 Rd3 36. Ne5+ Bxe5 37. Bxe5 Rd1+ 38. Kf2 Ke6 39. Bc7 f4 40. Bxf4 a5 41.
h4 a4 42. Rh3 Bg4 43. Ra3 Rd4 44. Bc1 Kf7 45. Bb2 Rd5 46. Rxa4 Kg6 47. Ra6+ Kh7
48. Ra7+ Kh6 49. Ra6+ Kh5 50. Bf6 Kh6 51. Ne2 Bc8 52. Ra8 Bb7 53. Rh8+ Kg6 54.
Rg8+ Kh5 55. Nf4+ Kh6 56. Nxd5 Bxd5 57. Rh8+ Kg6 58. Rg8+ Kh7 59. Rg7+ Kh8 60.
h5 Be4 61. Ke3 Bb1 62. h6 Bc2 63. Kd2 Bb1 64. Rb7+ Kg8 65. Rxb1 Kf7 66. Rf1 Kg8
67. Rg1+ Kh7 68. Bg5 Kh8 69. Rh1 Kg8 70. Bf6 Kf7 71. Rf1 Kf8 72. h7 Ke8 73.
h8=Q+ Kd7 74. Rf3 Kc6 75. Rc3+ Kd6 76. Qe8 Kd5 77. Qe7 1/2-1/2

[Event "Challenge"]
[Site "http://www.queenalice.com/game.php?id=1059816"]
[Date "2012.5.15"]
[Round "-"]
[White "attiliottone"]
[Black "Patrycia"]
[Result "1-0"]
[WhiteElo "1178"]
[BlackElo "1022"]

1. e4 d6 2. d4 e6 3. Nf3 h6 4. Bc4 Bd7 5. O-O a6 6. Nc3 Be7 7. d5 exd5 8. Bxd5
Bg4 9. Bxb7 Ra7 10. Qd5 Bxf3 11. gxf3 Nf6 12. Qb3 h5 13. Be3 Ra8 14. Bxa8 c6 15.
Bb6 Qd7 16. Rfe1 Rf8 17. e5 dxe5 18. Rxe5 Qd6 19. Rae1 Nbd7 20. Rg5 Rg8 21. Ra5
Rh8 22. Ne4 Nxb6 23. Nxd6+ Kf8 24. Nxf7 Rg8 25. Qxb6 Kxf7 26. Bxc6 Bd6 27. Rxa6
Rb8 28. Qd4 Rd8 29. Qb6 Kg6 30. Qxd8 Bc5 31. f4 Ng4 32. Qg5+ Kh7 33. Qxh5+ Kg8
34. Ra8+ Bf8 35. Bd5# 1-0

[Event "Challenge"]
[Site "http://www.queenalice.com/game.php?id=1060019"]
[Date "2012.5.15"]
[Round "-"]
[White "Rogerio11"]
[Black "Patrycia"]
[Result "1-0"]
[WhiteElo "1264"]
[BlackElo "1011"]

1. e4 d6 2. Bc4 e6 3. Nc3 a6 4. a4 h5 5. h4 Nf6 6. a5 g6 7. b4 b5 8. Bb3 Nfd7 9.
d4 Bg7 10. Qd3 d5 11. exd5 exd5 12. Nxd5 Qe7+ 13. Nxe7 Kxe7 14. Bg5+ Ke8 15.
Qe4+ Kf8 16. Qxa8 Bxd4 17. Rd1 Bc3+ 18. Rd2 f5 19. Be6 Bxd2+ 20. Kxd2 Kg7 21.
Nf3 Ne5 22. Nxe5 Nc6 23. Qxc6 Bxe6 24. Qxe6 f4 25. Qf7# 1-0

[Event "Challenge"]
[Site "http://www.queenalice.com/game.php?id=1060558"]
[Date "2012.5.17"]
[Round "-"]
[White "Patrycia"]
[Black "thigo"]
[Result "0-1"]
[WhiteElo "1024"]
[BlackElo "1386"]

1. d4 e6 2. e3 Nf6 3. Be2 c6 4. b3 g6 5. Nh3 Na6 6. Bxa6 bxa6 7. Bd2 Rb8 8. g3
Bb7 9. Ng5 c5 10. Nxf7 Kxf7 11. dxc5 Bxh1 12. Ke2 Bd5 13. Nc3 Bxc5 14. Qf1 Nh5
15. g4 Nf6 16. f3 Qc7 17. e4 Qxh2+ 18. Ke1 Bd4 19. Nxd5 Bxa1 20. e5 Nxd5 21. c4
Bc3 22. Bxc3 Nxc3 23. c5 Nxa2 24. f4 Qg3+ 25. Ke2 Nc3+ 26. Kd2 Rxb3 0-1

[Event "Challenge"]
[Site "http://www.queenalice.com/game.php?id=1061682"]
[Date "2012.5.19"]
[Round "-"]
[White "coordisaac"]
[Black "Patrycia"]
[Result "0-1"]
[WhiteElo "1774"]
[BlackElo "1004"]

1. e4 d6 2. Bc4 e6 3. d4 b6 4. d5 exd5 5. Qxd5 Qd7 6. Qxa8 c6 7. Qxb8 Be7 8. Be3
g6 9. Bxb6 axb6 10. Qxb6 Nh6 11. Nf3 Ng4 12. Nbd2 Bb7 13. O-O Kf8 14. Rad1 Rg8
15. Nb3 Bd8 16. Qc5 dxc5 17. Rxd7 Bf6 18. Rxf7+ Ke8 19. Rxb7 Rh8 20. Nxc5 Be5
21. Nxe5 Nxe5 22. Rb8+ Ke7 23. Rxh8 Nxc4 24. Rxh7+ Kd6 0-1

[Event "Challenge"]
[Site "http://www.queenalice.com/game.php?id=1070176"]
[Date "2012.6.9"]
[Round "-"]
[White "Patrycia"]
[Black "ztnilz"]
[Result "0-1"]
[WhiteElo "1058"]
[BlackElo "1761"]

1. d4 b6 2. c3 d5 3. f4 e6 4. e3 Bb7 5. a3 Nf6 6. Nh3 Be7 7. Ng5 O-O 8. Nd2 c5
9. dxc5 bxc5 10. Bd3 h6 11. Nh7 Nxh7 12. Bxh7+ Kxh7 13. Nf3 Nd7 14. Qc2+ Kh8 15.
Nh4 Bxh4+ 16. Ke2 f5 17. Bd2 e5 18. fxe5 Nxe5 19. Qb3 Qb6 20. Qxb6 axb6 21. a4
Ba6+ 22. Kd1 Nd3 23. h3 Nf2+ 24. Kc1 Nxh1 25. b3 Nf2 26. Ra2 Nd3+ 27. Kc2 Bg5
28. Ra3 f4 29. c4 dxc4 30. e4 Rfe8 31. e5 Rxe5 32. bxc4 Bxc4 33. Bc1 Nxc1 34. g3
fxg3 35. Ra1 Bb3+ 36. Kc3 Rxa4 37. Rxa4 Bxa4 38. Kc4 Bd7 39. h4 Bxh4 0-1

[Event "Challenge"]
[Site "http://www.queenalice.com/game.php?id=1070177"]
[Date "2012.6.9"]
[Round "-"]
[White "Patrycia"]
[Black "TIKAR"]
[Result "0-1"]
[WhiteElo "998"]
[BlackElo "1579"]

1. e4 e5 2. b4 Bxb4 3. c3 Bc5 4. d4 exd4 5. cxd4 Qf6 6. dxc5 Qxa1 7. Bd2 Qxa2 8.
Nc3 Qe6 9. Qe2 d6 10. Nb5 Na6 11. Nxc7+ Nxc7 12. Nh3 dxc5 13. Bc1 Nf6 14. Ba3
Nxe4 15. f3 Nc3 16. Qxe6+ Bxe6 17. Ng5 O-O-O 18. Nxf7 Rd1+ 19. Kf2 Bxf7 0-1

[Event "Challenge"]
[Site "http://www.queenalice.com/game.php?id=1070180"]
[Date "2012.6.9"]
[Round "-"]
[White "Patrycia"]
[Black "Jedi_knight"]
[Result "1-0"]
[WhiteElo "996"]
[BlackElo "1818"]

1. d4 d5 2. Bf4 e6 3. e3 Na6 4. h4 h6 5. h5 g5 6. hxg6 fxg6 7. Qd2 g5 8. Bg3 c6
9. Qd3 Nf6 10. Qg6+ Ke7 11. Qd3 Ne4 12. Qb3 c5 13. Be5 Rh7 14. f3 Nf6 15. Bxf6+
Kxf6 16. Nh3 cxd4 17. exd4 Qb6 18. Qxb6 axb6 19. Bd3 Nb4 20. Bxh7 e5 21. dxe5+
Kxe5 22. Nxg5 hxg5 23. Nc3 Nxc2+ 24. Kd2 Nd4 25. Rhe1+ Kf4 26. Re4+ Kg3 27. Rxd4
Be6 28. Ne2+ Kxg2 29. Rg1+ Kxf3 30. Rf1+ Kg2 31. Rg1+ Kf2 32. Rxd5 Bxd5 33. Rxg5
Bc4 34. Nf4 b5 35. Be4 Rb8 36. Rg2+ Kf1 37. Nh3 Bxa2 38. Rf2# 1-0

[Event "Challenge"]
[Site "http://www.queenalice.com/game.php?id=1070182"]
[Date "2012.6.9"]
[Round "-"]
[White "attiliottone"]
[Black "Patrycia"]
[Result "1-0"]
[WhiteElo "1259"]
[BlackElo "1004"]

1. e4 d6 2. Nf3 Qd7 3. Bd3 e5 4. O-O d5 5. Nxe5 Qe7 6. Nc3 Qxe5 7. exd5 Bc5 8.
Re1 Bxf2+ 9. Kxf2 f6 10. Rxe5+ fxe5 11. Nb5 Kd8 12. b4 Nd7 13. Bf5 Nb6 14. d4
Bxf5 15. dxe5 Na4 16. g4 Bd7 17. c4 Nc3 18. Qf3 Nd1+ 19. Ke1 Bxb5 20. cxb5 1-0

[Event "Challenge"]
[Site "http://www.queenalice.com/game.php?id=1081890"]
[Date "2012.7.12"]
[Round "-"]
[White "Jedi_knight"]
[Black "Patrycia"]
[Result "1/2-1/2"]
[WhiteElo "1824"]
[BlackElo "1026"]

1. e4 d6 2. Nf3 e5 3. Nc3 Nf6 4. d4 c5 5. dxe5 dxe5 6. Bc4 Qxd1+ 7. Nxd1 Bd6 8.
Ng5 h6 9. Nf3 O-O 10. Nc3 a6 11. O-O Nc6 12. a3 Nd4 13. Nxd4 cxd4 14. Nd5 Nxe4
15. f3 Nf6 16. Nxf6+ gxf6 17. g4 b5 18. Bd5 Rb8 19. b4 Kg7 20. Bd2 Rb6 21. f4
exf4 22. Bxf4 Bxf4 23. Rxf4 f5 24. gxf5 Rd6 25. Bb3 Re8 26. Raf1 f6 27. a4 bxa4
28. Bxa4 Re5 29. h4 Kh8 30. h5 Rdd5 31. Kg2 Re2+ 32. R1f2 Rxf2+ 33. Rxf2 Bxf5
34. Kh2 a5 35. bxa5 Rxa5 36. Bb3 Kg7 37. Rf3 Bg4 38. Rg3 f5 39. Rd3 Rb5 40. Rxd4
Bxh5 41. Rd7+ Kf6 42. Rd6+ Ke5 43. Rxh6 Kf4 44. Rxh5 Kg4 45. Rh8 Kf4 46. c4 Rxb3
47. c5 Rb2+ 48. Kh1 Rb1+ 49. Kh2 Rb2+ 50. Kh1 Rb1+ 51. Kh2 1/2-1/2

[Event "Challenge"]
[Site "http://www.queenalice.com/game.php?id=1081897"]
[Date "2012.7.12"]
[Round "-"]
[White "Patrycia"]
[Black "Ponce"]
[Result "0-1"]
[WhiteElo "1062"]
[BlackElo "1615"]

1. d4 d5 2. Na3 e6 3. e3 a6 4. Nb1 Bb4+ 5. Ke2 Nc6 6. Qd3 b5 7. Kf3 Nf6 8. Ke2
O-O 9. g3 Ne4 10. Nh3 Qf6 11. Kd1 e5 12. f3 Qxf3+ 13. Qe2 Qxh1 14. Nf2 Qxh2 15.
Nxe4 Qxe2+ 16. Kxe2 dxe4 17. a3 Bg4+ 18. Kf2 exd4 19. axb4 Nxb4 20. c3 dxc3 21.
Nxc3 Rfd8 22. Nxe4 Rd5 23. Nc3 Rf5+ 24. Kg2 Rd8 25. Ne4 Bf3+ 26. Kh2 Rd1 27. Bd2
Rxa1 28. Bxb4 Rxf1 29. Nd2 Rh5# 0-1

[Event "Challenge"]
[Site "http://www.queenalice.com/game.php?id=1087737"]
[Date "2012.7.28"]
[Round "-"]
[White "Patrycia"]
[Black "norbertokruger"]
[Result "0-1"]
[WhiteElo "1034"]
[BlackElo "1710"]

1. d4 e6 2. e4 d5 3. exd5 exd5 4. a3 Nf6 5. f3 Nc6 6. c3 Be7 7. a4 O-O 8. a5 a6
9. Qd2 Nh5 10. g4 Bh4+ 11. Ke2 Bg5 12. Qc2 Re8+ 13. Kf2 Bh4+ 14. Kg2 Nf6 15. b4
Ne4 16. Na3 Nf2 17. Rb1 Re1 18. Bd2 Rxb1 19. Qxb1 Nxh1 20. Kxh1 Bf2 21. Nh3 Bxd4
22. cxd4 Nxd4 23. Bg2 Qh4 24. Be3 Nxf3 25. Qd1 Be6 26. Nf4 Qxh2# 0-1

[Event "OS INCLIVEIS"]
[Site "http://www.queenalice.com/game.php?id=1091409"]
[Date "2012.8.8"]
[Round "-"]
[White "adelio"]
[Black "Patrycia"]
[Result "1-0"]
[WhiteElo "1702"]
[BlackElo "1060"]

1. f4 d6 2. d4 g6 3. c4 c6 4. b4 e6 5. Nf3 Na6 6. a3 Nh6 7. Ra2 f6 8. Nc3 Bd7 9.
h3 Qc7 10. e4 b5 11. g4 Rg8 12. Bd3 bxc4 13. Bxc4 Nb8 14. g5 Nf7 15. gxf6 a6 16.
Rg2 d5 17. Bd3 h6 18. e5 h5 19. Rxg6 Rxg6 20. Bxg6 Ra7 21. Ng5 h4 22. Nxf7 Be7
23. Qh5 Qb6 24. Qh8+ Bf8 25. Nd6+ Kd8 26. Qxf8+ 1-0

[Event "Challenge"]
[Site "http://www.queenalice.com/game.php?id=1094771"]
[Date "2012.8.19"]
[Round "-"]
[White "Rogerio11"]
[Black "Patrycia"]
[Result "0-1"]
[WhiteElo "1342"]
[BlackElo "1056"]

1. e4 d6 2. Bc4 h5 3. Qf3 a6 4. Qxf7+ Kd7 5. Be6+ Kc6 6. d4 Bxe6 7. Qxe6 b5 8.
d5+ Kb6 9. Be3+ Kb7 10. Nc3 h4 11. Nf3 g6 12. Qxg6 b4 13. Na4 c5 0-1